000 00492nab a2200145Ia 4500
003 ES-SlBCS
005 20210601133734.0
008 140529s1998 xxu||||| |||| 00| 0 por d
041 _apor
100 1 _aRodrigues, Rose Mary Guimarães
_9208987
245 0 0 _aTarefa de casa: um dos determinantes do rendimento escolar
_c Rose Mary Guimarães Rodrigues
650 0 4 _aDeberes Escolares
_9208988
773 0 _tEducaçao e Filosofia
_gvol. 12, nº. 24, 1998, págs. 227-254
_wRev1534
942 _cAR
999 _c601337
_d601337